00667 2200181 4500245006700000020002200067250001100089110002300100700002500123650004300148005001900191260004200210041001400252084000800266300002300274500017900297336000900476 aThe Good Dinosaur b : Sebuah NovelcDisney EnterpriseshText a978-602-03-2332-9 aCet. 1 aDisney Enterprises aDebbie Daisy Natalia aFiksi Inggris (dalam Bahasa Indonesia) a20231004112414 aJakartabGramedia Pustaka Utamac2015 aIndonesia a813 a144 hlm. :c20 cm. aYuk, kenalan dengan Aryo, dinosaur baik hati yang sedang berusaha melakukan sesuatu yang besar. Masalahnya, ia penakut,sehingga tugas-tugas kecil pun tak berhasil dikejarnya. atext